Participacin̤ y colaboracin̤ ciudadana en la Administracin̤ Agraria /

Detalles Bibliográficos
Autor principal: Fernǹdez Garca̕, Amaya
Autor Corporativo: Instituto Nacional de Administracin̤ Pb︢lica (Espaą)
Otros Autores: Sosa Wagner, Francisco (pr.)
Formato: Libro
Lenguaje:español
Publicado: Madrid : Instituto Nacional de Administracin̤ Pb︢lica, 2005.
Colección:Estudios / Instituto Nacional de Administracin̤ Pb︢lica.
Materias:
Acceso en línea:Acceso restringido

MARC

LEADER 00000cam a2200000 i 4500
005 20110711132613.0
008 050520s2005 sp 00| 0 spa d
020 |a 8473512316 
035 |a 5599 
040 |a Mpons  |d BUS  |d vLex 
041 0 |a spa 
043 |a esp 
090 |c 2203  |d 2203 
100 1 |a Fernǹdez Garca̕, Amaya. 
245 1 0 |a Participacin̤ y colaboracin̤ ciudadana en la Administracin̤ Agraria /  |c Amaya Fernǹdez Garca̕ ; prl̤ogo, Francisco Sosa Wagner.  |h [Recurso electrn̤ico] 
256 |a Servicio en ln̕ea. 
260 |a Madrid :  |b Instituto Nacional de Administracin̤ Pb︢lica,   |c 2005. 
300 |a 297 p. ;  |c 24 cm. 
490 1 |a Estudios / Instituto Nacional de Administracin̤ Pb︢lica. 
506 1 |a Contenido solo disponible en los productos indicados  |d vLex Global  |d vLex Global (Academic Edition, excluding Law Schools)  |d vLex Global (U.S. Academic Edition, Law Schools)  |d vLex Global (U.S. Academic Edition, excluding Law Schools)  |d vLex Global (Academic Edition, Law Schools) 
650 |a Administracin̤ pb︢lica  |2 Tesauro vLex 
650 |2 Tesauro vLex  |a Derecho de participacin̤ 
650 |2 Tesauro vLex  |a Participacin̤ ciudadana 
700 1 |a Sosa Wagner, Francisco,  |e pr. 
710 2 |a Instituto Nacional de Administracin̤ Pb︢lica (Espaą) 
740 0 |a vLex Libros (Servicio en ln̕ea) 
810 2 |a Instituto Nacional de Administracin̤ Pb︢lica.  |t Estudios. 
856 4 0 |u http://vlex.com/source/participacion-colaboracion-ciudadana-administracion-agraria-5599  |z Acceso restringido 
942 |c BOOK